| 000 | 01095nas a2200265 4500 | ||
|---|---|---|---|
| 001 | BR2015004480 | ||
| 003 | BR-BrBNA | ||
| 005 | 20231205125608.0 | ||
| 007 | ta | ||
| 008 | 230509b bl.|||p| |||| 00| 00por d | ||
| 040 |
_aBR-BrBNA _bpor _cBiblioteca Nacional de Agricultura |
||
| 041 | _a(Pt) | ||
| 072 | _aF02; F04 | ||
| 100 | 1 | _aSouza, L.M. | |
| 100 | 1 | _aAndrade, S.R.M. | |
| 111 | 1 |
_a16. Congresso Brasileiro de Floricultura e Plantas Ornamentais; 3. Congresso Brasileiro de Cultura de Tecidos de Plantas; 1. Simpósio de Plantas Ornamentais Nativas _cGoiânia, GO (Brazil) _d10-15 Sep 2007 |
|
| 245 | 1 | _aEfeito do hormônio BAP em meristemas apicais de duas cultivares de Maracujazeiro azedo (Passiflora edulis Sims)em meio MS com diferentes vitaminas | |
| 650 | _aPROPAGAÇÃO VEGETATIVA | ||
| 650 | _aEXPLANTE | ||
| 650 | _aMEIO DE CULTURA | ||
| 650 | _aNUTRIENTE | ||
| 773 | 0 |
_tRevista Brasileira de Horticultura Ornamental (Brazil) _xISSN 1809-6093 _g(Sep 2007), v. 13(Suplemento) p. 1061 _wBR2015004480 |
|
| 909 |
_a202311 _bLúcia _c55 _dLúcia Elande |
||
| 942 |
_2AGRIS _n0 _cANA |
||
| 999 |
_c245099 _d245099 |
||